000 00356nam a2200133Ia 4500
008 231129s9999||||xx |||||||||||||| ||spa||
020 _a91-7702-009-1
040 _bspa
082 _a(i) 808.068543 C168b
100 _aCalvino Italo
245 0 _aEl bosque - Raiz - Laberinto
264 _aNordan
942 _2ddc
_cBKS
999 _c10377
_d10377